000 00524nmm a2200181Ia 4500
008 251105s9999||||xx |||||||||||||||||und||
041 _aspa
100 _aGedge, Pauline
245 0 _aLa dama del Nilo
264 _a[Madrid, España] :
_bEdiciones Pàmies,
_c[Fecha de publicación no identificada]
300 _a448 páginas
490 _aHistórica
650 _aHistorical fiction
700 _aGedge, Pauline
700 1 _a Watson, Nora
856 _uhttps://public.digitaliapublishing.com/a/84782
942 _cCF
999 _c66044
_d66044